Представление документа в формате RUSMARC

ПолеНазваниеЗначение
  Тип записи a
  Библиографический уровень m
001 Контрольный номер RU/SLIB/B/208722990
005 Дата корректировки 20201206203952.6
010 Индекс ISBN __
a ISBN 5-85531-0664
d Цена 27-00
101 Язык документа __
a Язык текста rus
c Язык оригинала rus
200 Заглавие и сведения об ответственности 0_
a Заглавие Как появляются слова?: Немецкая лексика: История и современность
f Первые сведения об ответственности Е. В. Розен
b Общее обозначение материала Текст
210 Выходные данные __
a Место издания М.
c Издательство МарТ
d Дата издания 2000
215 Физическое описание __
a Объем 156 с.
225 Серия __
a Серия Deutsch problemlos
330 Аннотация __
a Аннотация Книгу составляют 5 очерков, раскрывающих хранящуюся в конкретных словах и именах историческую и страноведческую информацию, а также специфику цветообозначений и звуковой символики в немецком языке. В книге приводятся сведения о немецких неологизмах, их происхождении, о новых популярных оборотах речи и много другой интересной и полезной информации о лексике немецкого языка.
606 Тематические рубрики __
a Основная рубрика Германские языки
a Основная рубрика Языкознание
610 Ключевые слова __
a Ключевые слова частное языкознание; история языка; немецкий язык; происхождение слов; происхождение языка; слова
686 Индексы других классификаций __
a Классификационный индекс 81.2Нем-3
700 Автор _1
a Фамилия Розен
b Имя Е. В.
4 Код отношения 070
801 Источник записи _0
a Страна RU
b Организация Муниципальное бюджетное учреждение культуры "Централизованная библиотечная система" г. Сургут (Центральная городская библиотека им. А. С. Пушкина)
g Правила каталогизации ОИЛ/Рутковская
801 Источник записи _1
a Страна RU
b Организация Муниципальное бюджетное учреждение культуры "Централизованная библиотечная система" г. Сургут (Центральная городская библиотека им. А. С. Пушкина)
g Правила каталогизации ОИЛ/Рутковская
852 Данные о местонахождении __
j Шифр хранения 81.2Нем-3
c Каталожный индекс 81.2Нем-3
i Авторский знак Р 64
901 Тип документа __
t Тип документа m
903 Характеристики (МАРС) __
a Дата передачи 20011219
990 Данные о заказе (DOS) __
j Количество экземпляров (DOS) 1
t N записи в КСУ для И/У (DOS) 200201